Ukrainian cities by photo - Statistics

General Stats
  • This quiz has been taken 27 times
  • The average score is 6 of 12
Answer Stats
Picture Answer % Correct
Odessa
100%
Kiev
75%
Dnipro
71%
Kherson
63%
Lviv
63%
Kharkiv
58%
Ivano-Frankivsk
42%
Kryvyi Rih
33%
Zaporizhzhia
33%
Chernihiv
29%
Vinnytsia
17%
Zhytomyr
13%
No matching quizzes found
Score Distribution
Percent of People with Each Score
Percentile by Number Answered
Your Score History
You have not taken this quiz